Hledači mušlí /

Main Author: Pilcher, Rosamunde, 1924-2019
Other Authors: Hofmannová, Irena
Language: Czech
Published: Praha : Ikar, 2013
Edition: Vyd. 4.
Physical Description: 630 s. ; 21 cm
Book
Saved in:
LEADER 01198nam a2200361 a 4500
001 nkc20132508843
003 CZ PrNK
005 20140313105749.0
007 ta
008 131023s2013 xr g 000 f cze
015 |a cnb002508843 
020 |a 978-80-249-2334-5  |q (váz.) 
035 |a (OCoLC)876340589 
040 |a OLA001  |b cze  |d ABA001 
041 1 |a cze  |h eng 
072 7 |a 821.111-3  |x Anglická próza, anglicky psaná  |2 Konspekt  |9 25 
080 |a 821.111-31  |2 MRF 
080 |a (0:82-31)  |2 MRF 
100 1 |a Pilcher, Rosamunde,  |d 1924-2019  |7 jn20001031018  |4 aut 
245 1 0 |a Hledači mušlí /  |c Rosamunde Pilcherová ; [z anglického originálu ... přeložila Irena Hofmannová] 
250 |a Vyd. 4. 
260 |a Praha :  |b Ikar,  |c 2013 
300 |a 630 s. ;  |c 21 cm 
655 7 |a anglické romány  |7 fd131814  |2 czenas 
655 9 |a English fiction  |2 eczenas 
700 1 |a Hofmannová, Irena  |7 mzk2007312968  |4 trl 
765 0 |t Shell seekers  |9 Česky 
910 2 |a BOA001  |b 2-1322.707 
928 9 |a Euromedia Group - Ikar 
990 |a BK 
995 |a 01 
991 |b 201403  |c NOV  |e b 
996 6 |b 2610584178  |c 2-1322.707  |l MZK  |r Sklad / do 1 hodiny  |n 2  |p p.v.  |w 001406071  |u 000010  |a 1  |e BOA001  |j MZK50  |s P